Swedish counties (landskap) - Statistics

General Stats
  • This quiz has been taken 66 times
  • The average score is 16 of 25
Answer Stats
Hint Answer % Correct
Götaland Halland
86%
Götaland Blekinge
80%
Götaland Skåne
80%
Götaland Gotland
77%
Norrland Norrbotten
77%
Götaland Småland
77%
Svealand Dalarna
74%
Norrland Lappland
74%
Norrland Västerbotten
71%
Svealand Närke
69%
Svealand Södermanland
66%
Götaland Öland
63%
Svealand Uppland
63%
Götaland Östergötland
60%
Svealand Värmland
60%
Götaland Bohuslän
57%
Götaland Västergötland
57%
Götaland Dalsland
51%
Norrland Ångermanland
49%
Norrland Härjedalen
49%
Norrland Jämtland
49%
Svealand Västmanland
49%
Norrland Gästrikland
46%
Norrland Medelpad
43%
Norrland Hälsingland
40%
No matching quizzes found
Score Distribution
Percent of People with Each Score
Percentile by Number Answered
Your Score History
You have not taken this quiz